Statystyki dla Stolice świata najbliżej Islamabadu

Kliknij tutaj aby rozwiązać quiz!

Ogólne statystyki

  • Ten quiz został rozwiązany 21 razy
  • Średni wynik to 16 z 20

Statystyki odpowiedzi

kmcapital% Poprawnych
689Nowe Delhi
100%
1990Teheran
100%
911Taszkent
95%
370Kabul
89%
1945Astana
84%
2083Abu Zabi
79%
1404Aszchabad
79%
2652Bagdad
79%
1030Biszkek
79%
2013Dhaka
79%
1346Katmandu
79%
1816Maskat
79%
1727Thimphu
79%
2184Baku
74%
660Duszanbe
74%
2279Doha
68%
2625Erywań
68%
2627Tbilisi
63%
2422Kuwejt
58%
2314Manama
47%

Rozkład punktacji

Percentyl według liczby udzielonych odpowiedzi

Procent ludzi z każdym wynikiem

Twoja historia wyników

Nie rozwiązałeś tego quizu